LEADER 00883nam a22002411i 4500 001 991002046909707536 005 20040120184827.0 008 040407s19uu it a||||||||||||||||ita 035 $ab12862733-39ule_inst 035 $aARCHE-084235$9ExL 040 $aDip.to Scienze Storiche$bita$cA.t.i. Arché s.c.r.l. Pandora Sicilia s.r.l. 082 04$a027 245 03$aLa biblioteca desiderata /$ca cura di Massimo Cecconi 260 $aMilano :$bAssessorato alla cultura,$c19.. 300 $a144 p. :$bill. ;$c21 cm 650 4$aBiblioteche 700 1 $aCecconi, Massimo 907 $a.b12862733$b02-04-14$c16-04-04 912 $a991002046909707536 945 $aLE009 STOR.09.1-44$g1$i2009000318021$lle009$o-$pE0.00$q-$rn$so $t0$u1$v0$w1$x0$y.i13423289$z16-04-04 996 $aBiblioteca desiderata$9302617 997 $aUNISALENTO 998 $ale009$b16-04-04$cm$da $e-$fita$git $h3$i1